| 000 | 00915nam a22002537a 4500 | ||
|---|---|---|---|
| 999 |
_c5575 _d5575 |
||
| 003 | AR-CdUCM | ||
| 008 | 190312b ||||| |||| 00| 0 spa d | ||
| 020 | _a84-8280169-4 | ||
| 040 |
_aMUNICIPALIDAD PROVINCIAL DEL CUSCO _cBIBLIOTECA MUNICIPAL DEL CUSCO |
||
| 082 |
_a828.35 / _bSH47 |
||
| 100 |
_aShakespeare, William _91013 |
||
| 245 | _aMacbeth El Rey Lear | ||
| 260 |
_aBogota : _bLa Oveja Negra, _c1983. |
||
| 300 |
_a279 paginas ; _c18cm. |
||
| 440 |
_aHistoria Universal de la Literatura _n69 _916689 |
||
| 500 | _aTeatro | ||
| 505 | _aContenido: Tito Andrónico -- Romeo y Julieta -- Julio César -- Hamlet -- Otelo -- Timón de Atenas -- El Rey Lear -- Macbeth -- Antonio y Cleopatra -- Coriolano -- Troilo y Crésida. | ||
| 650 |
_ateatro Ingles _91016 |
||
| 650 |
_aSiglo XVI _9326 |
||
| 650 |
_aLiteratura _983 |
||
| 700 |
_aConejero, Manuel Angel _916690 |
||
| 942 |
_2ddc _cLIBROS |
||
| 945 | _apjha | ||